000 01056nas a2200361 4500
001 BR2014002464
003 BR-BrBNA
005 20231205123933.0
007 ta
008 230509b bl.|||p| |||| 00| 00por d
040 _aBR-BrBNA
_bpor
_cBiblioteca Nacional de Agricultura
041 _a(Pt)
072 _aJ11
100 1 _aTerra, F. de A.M.
100 1 _aEdagi, F.K.
100 1 _aSasaki, F.F.C.
100 1 _aFrassetto Filho, M.E.
100 1 _aSilva, M.M. da
100 1 _aGiro, B.
100 1 _aBerno, N.D.
100 1 _aKluge, R.A.
245 1 _aAplicação d0 1-metilciclopropeno e sua influência no processo de remoçãoda adstringência com etanol em caqui 'Giombo' refrigerado
650 _aCAQUI
650 _aPOLPA
650 _aETILENO
650 _aETANOL
650 _aREFRIGERAÇÃO
650 _aQUALIDADE
650 _aARMAZENAMENTO
773 0 _tCiência Rural (Brazil)
_xISSN 0103-8478
_g(Feb 2014), v. 44(2) p. 210-216
_wBR2014002464
909 _a202311
_bLúcia
_c55
_dLúcia Elande
942 _2AGRIS
_n0
_cANA
999 _c236484
_d236484